00430cam a22001457a 4500008004000000020001500040082001900055245007100074260002700145300001200172500003700184650001100221650003100232700002100263180718b2006 xxu||||| |||| 00| 0 eng d a8183291147 aA99/Am16 C36/1 aDr. B.R. Ambedkar: a rebel dalit leadercedited by K.L. Chanchreek aNew DelhibShreec2006 a2 vols. aContents: v.1. 383p.; v.2. 279p. aDalits aAmbedlar, B.R. - Biography aChanchreek, K.L.